La mujer chilena esclava de la ley

Gespeichert in:
Bibliographische Detailangaben
1. Verfasser: Arteaga Infante, Claudio (VerfasserIn)
Format: Buch
Sprache:Spanisch
Veröffentlicht: Santiago Minerva 1922
Schlagworte:
Tags: Tag hinzufügen
Keine Tags, Fügen Sie den ersten Tag hinzu!

MARC

LEADER 00000nam a2200000 a 4500
001 UCS1269
003 CL-VaPUC
008 970509e19220000CL |||||||||||||||||spa|d
082 0 4 |a 346.013  |b ART  |2 21 
100 0 |a Arteaga Infante, Claudio  |e author  |9 385587 
245 1 3 |a La mujer chilena esclava de la ley 
300 |a 151 p 
942 |c BK 
945 |d 19970509 00:00:00  |a paguirre 
260 |a Santiago  |b Minerva  |c 1922 
500 |a Incluye discursos pronunciados por el Diputado por Santiago D. José Nicolás Hurtado, el año 1883 con motivo de la Ley de Matrimonio Civil 
650 0 |a Derecho civil  |9 255013 
650 0 |a Mujeres  |9 257649 
650 0 |a Mujer casada  |9 255924 
650 0 |a Derechos de la mujer  |9 257074 
583 |a last modification  |c 19970509 00:00:00  |k Rodrigo Vera 
999 |c 259368  |d 259366 
952 |0 0  |1 0  |4 0  |6 346_013000000000000_ART_1922  |7 0  |8 P  |9 284069  |a BIBDER  |b BIBDER  |d 2019-11-19  |i 1843427  |o 346.013 ART 1922  |p 1843427  |r 2023-01-25  |w 2019-11-19  |y BK  |k DER